Forestry in Peninsular Malaysia

Bibliographic Details
Corporate Author: MALAYSIA
Format: Book
Published: Kuala Lumpur : Jabatan Perhutanan Semenanjung Malaysia , [199_ ]
Subjects:

MARC

LEADER 00000cam a2200000 7i4500
001 0000000405
005 20020717.0
090 0 0 |a JPSM634.95951   |b MAL [199_] 
110 1 0 |a MALAYSIA   |c Jabatan Perhutanan Semenanjung Malaysia 
245 1 0 |a Forestry in Peninsular Malaysia 
260 0 0 |a Kuala Lumpur :   |b Jabatan Perhutanan Semenanjung Malaysia ,   |c [199_ ] 
300 |a 32 p. :   |b col. ill., maps ;   |c 30 cm. 
650 0 0 |a Forests and forestry   |z Peninsular Malaysia 
998 |a JPSM 
999 |a 0000000524   |b Monograph   |c Reference   |e Default branch 
999 |a 0000000525   |b Monograph   |c Open Shelf   |e Default branch 
999 |a 0000002647   |b Monograph   |c Open Shelf   |e Default branch 
999 |a 0000005185   |b Monograph   |c Open Shelf   |e Default branch 
999 |a 0000005186   |b Monograph   |c Open Shelf   |e Default branch 
999 |a 0000005187   |b Monograph   |c Open Shelf   |e Default branch